[Event "45th Olympiad 2024"]
[Site "Budapest HUN"]
[Date "2024.09.15"]
[Round "5.76"]
[Board "1"]
[White "Salim Mohammed, Salim Al Amri"]
[Black "Thabang, Mphane"]
[Result "1-0"]
[WhiteElo "1926"]
[BlackElo "1799"]
[PlyCount "123"]
[EventDate "2024.09.11"]
[WhiteTeam "Oman"]
[BlackTeam "Lesotho"]
[WhiteTeamCountry "OMN"]
[BlackTeamCountry "LES"]

1. e4 Nf6 2. e5 Nd5 3. d4 d6 4. Nf3 Nc6 5. Be2 Bf5 6. O-O dxe5 7. Nxe5 Nxe5 8. dxe5 Nb4 9. Na3 e6 $146 ({RR} 9... Qxd1 10. Bxd1 e6 11. Nb5 O-O-O 12. Be3 a6 13. Nd4 Bg6 14. a3 Nd5 15. Bg5 Be7 16. Bxe7 Nxe7 17. c3 Rd5 18. f4 c5 19. Nb3 Bd3 20. Bf3 Bxf1 21. Bxd5 Nxd5 22. Rxf1 b6 23. Nd2 Rd8 24. Nc4 {1-0 Rolletschek,H (2360)-Wuppinger,M (2235) Werfen op-A 1995 (6)}) ({RR} 9... g6 10. Bd2 Nc6 11. Bb5 Bd7 12. Bc3 e6 13. Qe2 a6 14. Bxc6 Bxc6 15. Rad1 Bd5 16. Nc4 Bg7 17. Bb4 Qc8 18. Rfe1 b5 19. Ne3 c6 20. c4 bxc4 21. Nxc4 Bxc4 22. Qxc4 Bf8 23. Bd6 Qb7 24. Qc5 {1-0 Prieto Hernandez,J-Tovar,J Valladolid CC Reloj Justina 05th 1976 (2)}) 10. Bd2 Nc6 11. Bb5 Bxa3 12. Bxc6+ bxc6 13. bxa3 Qd5 14. Bb4 a5 15. Bc3 Qxd1 16. Rfxd1 Bxc2 17. Rd4 O-O 18. Rc1 Rfb8 19. h4 Rb1 20. Rxb1 Bxb1 21. Bxa5 Bxa2 22. Bxc7 f6 23. h5 Bd5 24. Bd6 fxe5 25. Bxe5 Rxa3 26. h6 gxh6 27. Rg4+ Kf7 28. Rg7+ Ke8 29. Rxh7 c5 30. Rxh6 c4 31. Rh7 Be4 32. Rc7 Bd3 33. Bf6 Ra5 34. Re7+ Kf8 35. Rxe6 Kf7 36. Rc6 Rb5 37. f3 Kg6 38. Kf2 Rb1 39. g4 Rf1+ 40. Ke3 Re1+ 41. Kf4 Kf7 42. Kg5 Re6 43. Rc7+ Ke8 44. f4 Rd6 45. Be5 Rd7 46. Rc5 Kf7 47. f5 Be2 48. Kf4 Rd1 49. Rc7+ Ke8 50. Rg7 Rf1+ 51. Ke4 Bd3+ 52. Kd5 Bxf5 53. gxf5 Rxf5 54. Ke6 Rf3 55. Re7+ Kf8 56. Rh7 Ke8 57. Rc7 Rd3 58. Rc8+ Rd8 59. Rxc4 Rd1 60. Rb4 Rd3 61. Bd4 Kd8 62. Rc4 1-0

[Event "45th Olympiad 2024"]
[Site "Budapest HUN"]
[Date "2024.09.15"]
[Round "5.76"]
[Board "2"]
[White "Tsephe, Lebajoa"]
[Black "Al Maashani, Abdullah"]
[Result "1/2-1/2"]
[WhiteElo "1900"]
[BlackElo "1893"]
[PlyCount "96"]
[EventDate "2024.09.11"]
[WhiteTeam "Lesotho"]
[BlackTeam "Oman"]
[WhiteTeamCountry "LES"]
[BlackTeamCountry "OMN"]

1. Nf3 d5 2. d4 Nf6 3. g3 Bg4 4. Bg2 e6 5. c4 c6 6. Qc2 $146 ({RR} 6. Qb3 Qb6 7. Ne5 Qxb3 8. axb3 Bf5 9. Nc3 Nbd7 10. Bf4 Nxe5 11. Bxe5 Nd7 12. Bf4 a6 13. e4 dxe4 14. Nxe4 Be7 15. Nd6+ Bxd6 16. Bxd6 Nf6 17. f3 Rd8 18. Be5 h5 19. Kf2 Ke7 20. h3 Rhg8 {1-0 Backes,J (1739)-Maj,K (1441) Solingen Karneval op 2012 (4)}) ({RR} 6. Nbd2 Nbd7 7. h3 Bf5 8. Nh4 Be4 9. Nxe4 dxe4 10. O-O h6 11. Bh1 Qa5 12. Qc2 g5 13. Bd2 Qb6 14. Ng2 Qxd4 15. Rad1 Qb6 16. Bc3 Rg8 17. Ne3 Bb4 18. Bd4 Bc5 19. Bxc5 Qxc5 20. Bxe4 a5 {½-½ Wang,H (2732)-Ni,H (2681) CHN-chT China 2016 (14.4)}) ({RR} 6. Qb3 Qc8 7. Nc3 Nbd7 8. Bf4 dxc4 9. Qxc4 Nb6 10. Qb3 Be7 11. O-O O-O 12. e4 Rd8 13. Rfd1 Bh5 14. Rac1 Qd7 15. h3 Qe8 16. a4 c5 17. a5 Nbd7 18. e5 Nd5 19. Nxd5 exd5 20. Qxd5 cxd4 {½-½ Trasakova,A (1853)-Karaivanova,P (1969) 32nd EY Girls U18 2024 (8.24)}) ({RR} 6. Nc3 Nbd7 7. cxd5 exd5 8. O-O Be7 9. h3 Bxf3 10. Bxf3 O-O 11. Bf4 Re8 12. Qc2 Nf8 13. Rad1 N6d7 14. e4 Nb6 15. exd5 cxd5 16. Qb3 Ne6 17. Be5 Bf6 18. Nxd5 Bxe5 19. dxe5 Qg5 20. Nxb6 axb6 {½-½ Fernandez Ponce,L (2041)-Crespo Arce,M Gijon Gallego Memorial 2nd 2002 (2)}) ({RR} 6. Nbd2 Be7 7. O-O O-O 8. Qc2 Nbd7 9. b3 h6 10. Bb2 a5 11. a4 Bf5 12. Qc1 Bb4 13. Bc3 Bxc3 14. Qxc3 Rc8 15. Rac1 Nb8 16. b4 b6 17. bxa5 bxa5 18. Nb3 dxc4 19. Nxa5 Nd5 20. Qe1 c3 {½-½ Hofer,A-Glanzl,W Lienz op 1988}) 6... Bd6 7. O-O O-O 8. Bg5 h6 9. Bxf6 Qxf6 10. Nbd2 Bxf3 11. Nxf3 Na6 12. c5 Bc7 13. b4 e5 14. dxe5 Bxe5 15. Rab1 Nc7 16. a4 a6 17. Rb3 Rfe8 18. Rd1 Re7 19. Nh4 g6 20. Qc1 Qg7 21. Nf3 Bf6 22. e3 Ne6 23. Bh3 Ng5 24. Bg2 Ne4 25. Nd4 Rae8 26. b5 axb5 27. axb5 Bxd4 28. Rxd4 Qf6 29. Qc2 Ra8 30. Bxe4 dxe4 31. Rxe4 Rxe4 32. Qxe4 Ra2 33. f4 cxb5 34. Qe5 Qc6 35. e4 Rc2 36. Rd3 Qxc5+ 37. Qxc5 Rxc5 38. Rd7 b6 39. Rd6 Kf8 40. Rxb6 Ke7 41. Rb7+ Ke6 42. Kf2 Rc2+ 43. Ke3 Rb2 44. Kd4 Rb4+ 45. Kd3 Rb2 46. Kd4 Rb4+ 47. Kd3 Rb2 48. Kd4 Rb4+ 1/2-1/2

[Event "45th Olympiad 2024"]
[Site "Budapest HUN"]
[Date "2024.09.15"]
[Round "5.76"]
[Board "3"]
[White "Al Busaidi, Hamood"]
[Black "Karabo Mokete"]
[Result "1-0"]
[WhiteElo "1881"]
[BlackElo "1836"]
[PlyCount "85"]
[EventDate "2024.09.11"]
[WhiteTeam "Oman"]
[BlackTeam "Lesotho"]
[WhiteTeamCountry "OMN"]
[BlackTeamCountry "LES"]

1. d4 Nf6 2. c4 c5 3. d5 e6 4. Nc3 exd5 5. cxd5 d6 6. e4 g6 7. Nf3 Bg7 8. Nd2 O-O 9. Be2 Na6 10. O-O Nc7 11. a4 b6 12. f3 Rb8 13. Nc4 Ba6 14. Bg5 ({RR} 14. Qc2 Qd7 15. b3 Bxc4 16. bxc4 Na6 17. Rb1 Nb4 18. Qb3 Nh5 19. f4 Bd4+ 20. Kh1 Qe7 21. Bf3 Qh4 22. Bxh5 Qxh5 23. Nb5 Bg7 24. Nxa7 Qe2 25. Bb2 Bxb2 26. Qxb2 Qxe4 27. Nb5 Qxc4 28. Nxd6 Qxd5 {0-1 Martin,S (1970)-Maycock Bates,D (2266) Titled Tue 28th May Early 2024 (5)}) 14... Bxc4 15. Bxc4 h6 16. Bh4 $146 ({RR} 16. Be3 a6 17. Qd2 b5 18. Be2 Kh7 19. Rfb1 b4 20. Nd1 Nd7 21. Bf2 Qe7 22. Ne3 Ne5 23. Re1 Qf6 24. Bg3 Rbd8 25. f4 Nd7 26. Nc4 Qd4+ 27. Qxd4 Bxd4+ 28. Kf1 Nf6 29. Bf3 Rfe8 30. Rad1 Kg7 {½-½ Petrovic,A (2230)-Zanette,E (2115) Titled Tuesday intern op 02nd Aug Late blitz 2022 (8)}) 16... g5 17. Bf2 Nd7 18. Bb5 a6 19. Bxd7 Qxd7 20. h4 f5 21. exf5 Qxf5 22. Qd2 g4 23. Bg3 Bd4+ 24. Kh2 gxf3 25. Rxf3 Qh5 26. Raf1 Be5 27. Bxe5 Rxf3 28. Rxf3 Qxe5+ 29. Rg3+ Kf7 30. Qxh6 Rg8 31. Qh7+ Rg7 32. Qxg7+ Qxg7 33. Rxg7+ Kxg7 34. Ne4 Ne8 35. Kg3 b5 36. axb5 axb5 37. Kf4 b4 38. b3 Nf6 39. Nxd6 Nxd5+ 40. Ke4 Nb6 41. g4 Kf6 42. Kd3 Ke5 43. Nc4+ 1-0

[Event "45th Olympiad 2024"]
[Site "Budapest HUN"]
[Date "2024.09.15"]
[Round "5.76"]
[Board "4"]
[White "Motlomelo, Lihloela"]
[Black "Al Mashikhi, Mohammed Alyan"]
[Result "1-0"]
[WhiteElo "1696"]
[BlackElo "1959"]
[PlyCount "101"]
[EventDate "2024.09.11"]
[WhiteTeam "Lesotho"]
[BlackTeam "Oman"]
[WhiteTeamCountry "LES"]
[BlackTeamCountry "OMN"]

1. e4 e6 2. d4 d5 3. exd5 exd5 4. c4 Nf6 5. Nc3 Be7 6. cxd5 Nxd5 7. Bc4 Be6 ({RR} 7... Nxc3 8. bxc3 O-O 9. Nf3 c5 10. O-O Nc6 11. h3 cxd4 12. cxd4 Bf6 13. Be3 Bf5 14. Rc1 Rc8 15. Qa4 Be4 16. Nd2 Bd5 17. Bxd5 Qxd5 18. Rc5 Qd7 19. d5 Ne5 20. Qxa7 Rxc5 21. Bxc5 Rc8 22. Ne4 {½-½ Ikonnikov,D (2430)-Nureev,G (2355) RUS-Cup08 Omsk/Perm 1998 (4)}) 8. Qb3 Bb4 ({RR} 8... Nxc3 9. Bxe6 fxe6 10. bxc3 Qd5 11. Nf3 O-O 12. O-O Nc6 13. Re1 Bd6 14. c4 Qh5 15. c5 Rxf3 16. Qxe6+ Rf7 17. cxd6 cxd6 18. Be3 d5 19. Rab1 Raf8 20. Rxb7 Nd8 {0-1 Georg,H (2118)-Centron Antuna,D (2303) Titled Tue 19th Sep Late 2023 (3)}) 9. Nge2 $146 ({RR} 9. Nf3 Nc6 10. O-O Bxc3 11. bxc3 O-O 12. Ng5 Na5 13. Qc2 g6 14. Nxe6 fxe6 15. Bd3 Nc6 16. Bh6 Rf7 17. Bxg6 Rd7 18. Be4 Qh4 19. Bxd5 Rxd5 20. Be3 Rh5 21. h3 Kh8 22. Qb3 Rg8 23. Qxe6 Rg6 {0-1 Harrwitz,D-Horwitz,B Match Harrwitz-Horowtz +7-6=2 1849 (3)}) ({RR} 9. Bd2 Bxc3 10. bxc3 b6 11. Nf3 O-O 12. O-O Nc6 13. Ng5 h6 14. Nxe6 fxe6 15. Bb5 Qd6 16. Qa4 Nde7 17. Rfe1 Rf6 18. Be2 Raf8 19. Bf3 Nd5 20. Rad1 Nce7 21. c4 Nf4 22. Bb4 Qd8 23. d5 Nh3+ {½-½ Labun,K (1770)-Starzynski,W (1899) Chojnice op-B 3rd 2007 (6.5)}) 9... Bxc3+ 10. bxc3 b6 11. Ba3 c6 12. O-O b5 13. Bxd5 Bxd5 14. Qc2 Na6 15. Nf4 Nc7 16. Rfe1+ Ne6 17. Qf5 Qf6 18. Qxf6 gxf6 19. Nh5 O-O-O 20. Nxf6 Kc7 21. f4 Nxf4 22. Re7+ Kc8 23. Rxa7 Ne2+ 24. Kf2 Nxc3 25. Nxd5 Nxd5 26. Rc1 Kb8 27. Rxf7 b4 28. Rb1 Rhf8 29. Rxf8 Rxf8+ 30. Kg1 Kc7 31. Bxb4 Rf4 32. Bc5 Nc3 33. Rb2 Kd7 34. g3 Re4 35. Rb7+ Kc8 36. Rxh7 Nxa2 37. h4 Nc3 38. Kg2 Nd5 39. h5 Re2+ 40. Kf3 Re3+ 41. Kf2 Re8 42. h6 Nf6 43. Rg7 Rh8 44. g4 Rxh6 45. g5 Ne4+ 46. Ke3 Re6 47. Kf4 Nxc5 48. dxc5 Re1 49. g6 Rc1 50. Rh7 Rc4+ 51. Ke3 1-0

[Event "45th Olympiad 2024"]
[Site "Budapest HUN"]
[Date "2024.09.15"]
[Round "5.77"]
[Board "1"]
[White "Pereira, Sergio"]
[Black "Kamara, Ansumana"]
[Result "1-0"]
[WhiteElo "1988"]
[BlackElo "1876"]
[PlyCount "83"]
[EventDate "2024.09.11"]
[WhiteTeam "Sao Tome and Principe"]
[BlackTeam "Sierra Leone"]
[WhiteTeamCountry "SAO"]
[BlackTeamCountry "SIE"]

1. e4 {Grivas,Efstratios} c5 2. Nc3 e5 3. Bc4 Nc6 4. Nf3 Be7 5. d3 Nf6 6. Nd2 d6 7. Nf1 ({RR} 7. h3 Be6 8. Nf1 d5 9. exd5 Nxd5 10. Nxd5 Bxd5 11. Ne3 Bxc4 12. Nxc4 O-O 13. a4 Qd5 14. O-O Rad8 15. Qe1 Nd4 16. Ne3 Qe6 17. Bd2 Bg5 18. Rc1 e4 19. dxe4 Qxe4 20. f3 Qe5 21. Qf2 Ne2+) 7... Bg4 8. f3 Bd7 ({RR} 8... Be6 9. Ne3 Qd7 ({RR} 9... O-O 10. O-O Rb8 ({RR} 10... Nh5 11. Ncd5 Bg5 12. g3 Bxe3+ 13. Bxe3 Ne7 14. Bg5 Bxd5 15. Bxd5 h6) 11. a3 Nd4 ({RR} 11... Nd7 12. Ncd5 Bg5 13. c3 b5 14. Ba2 Nb6 15. Nxb6 Rxb6 16. b4 a5) 12. Ba2 b5 13. Ncd5 Nxd5 14. Bxd5 Bg5 15. Bxe6 Nxe6) 10. Ncd5 ({RR} 10. O-O O-O 11. Ncd5 ({RR} 11. a3 a6 ({RR} 11... Nd4) 12. Ncd5 Bxd5 13. Nxd5 Nxd5 14. Bxd5 Bf6 ({RR} 14... Kh8 15. f4 exf4 16. Bxf4 Ne5 17. c3) 15. c3 Ne7 16. Bb3 d5) 11... Ne8 12. f4 exf4 13. Nxe7+ Nxe7 14. Rxf4 Ng6 15. Rf2 Nc7 16. Qh5 Bxc4 17. Nxc4 d5 18. exd5 Nxd5 19. Bd2 Rae8) 10... Bd8 ({RR} 10... Bxd5 11. Nxd5 ({RR} 11. exd5 Na5) 11... Nxd5 12. Bxd5 Bf6) 11. O-O Bxd5 12. Nxd5 Nxd5 13. Bxd5 Ne7 14. Bb3 O-O 15. f4 exf4 16. Bxf4 d5 17. Qe2 ({RR} 17. Bg3 Bb6 18. Kh1) 17... Bb6 18. Kh1 Rae8 19. exd5 ({RR} 19. Qf3 dxe4 20. dxe4) 19... Nxd5 20. Qh5 Nxf4 21. Rxf4 g6 22. Qh6 Bd8 23. Raf1 {0-1 Movsesian,S (2700)-Polgar,J (2699) FIDE World Cup 2011 (2.2)} ({RR} 23. Rf3 Qd4 ({RR} 23... Kh8 24. Ba4) 24. Raf1 Re7 25. c3 Qe5 26. a4)) ({RR} 8... Be6 9. Ne3 O-O 10. g4 Nb4 11. a3 d5 12. axb4 dxc4 13. dxc4 cxb4 14. Qxd8 Rfxd8 15. Ncd5 Nxd5 16. cxd5 Bd7 17. Bd2 Bb5 18. c4 bxc3 19. Bxc3 f6 20. Kd2 Kf7 21. h4 Bd7 22. g5 Rdc8 23. gxf6 {1-0 Grigoryan,K (2629)-Trost,E (2434) Kragero Resort Chess 2024 (2.2)}) 9. Ne3 a6 $146 ({RR} 9... Nd4 10. a4 a6 11. Ned5 Nxd5 12. Bxd5 Rb8 13. O-O O-O 14. f4 Bf6 15. f5 Bg5 16. Qh5 Bxc1 17. Raxc1 Qf6 18. Rf2 b5 19. axb5 axb5 20. Nd1 b4 21. Ne3 Qh6 22. Qxh6 gxh6 23. Nc4 Nb5 24. Rf3 {1-0 Zakrzewski,M (2333)-Zurawski,K (1690) Poznan op 26th 2018 (1)}) ({RR} 9... Nd4 10. a4 Nh5 11. O-O Nf4 12. Ned5 Bg5 13. Nxf4 Bxf4 14. Bxf4 exf4 15. Nd5 Ne6 16. Qd2 Qh4 17. c3 O-O 18. b3 Rad8 19. Qf2 Qg5 20. g4 fxg3 21. hxg3 Rfe8 22. f4 Qh5 23. Kg2 Nf8 24. Rh1 {1-0 Kragh,N (2049)-Damm,K (2252) North Sea Cup 20th 2005 (4)}) ({RR} 9... Nd4 10. a4 Rb8 11. Bd2 O-O 12. O-O Nh5 13. Ncd5 Bg5 14. c3 Nc6 15. g3 g6 16. Ng4 Bxd2 17. Qxd2 Kh8 18. Qh6 f5 19. exf5 Bxf5 20. Nge3 Be6 21. f4 Bh3 22. f5 Bxf1 23. fxg6 Qd7 24. Rxf1 {1-0 Vedder,H (2365)-Charmeteau,S (2257) EU-Cup 31st Skopje 2015 (3.3)}) 10. Bd5 O-O 11. O-O Rb8 12. f4 exf4 13. Rxf4 Nxd5 14. Ncxd5 Bg5 15. Rf2 Be6 16. Nf4 b5 17. g3 a5 18. Bd2 a4 19. Nxe6 fxe6 20. Rxf8+ Qxf8 21. Qg4 Qf6 22. h4 Bxe3+ 23. Bxe3 Ne5 24. Qf4 Nf3+ 25. Kg2 Qxb2 26. Qxd6 Rf8 27. Qxe6+ Kh8 28. Rc1 Qc3 29. Qe7 Kg8 30. Qxc5 Qf6 31. Qh5 g6 32. Qd5+ Rf7 33. Bh6 Nd4 34. Qa8+ Rf8 35. Bxf8 Qf3+ 36. Kh3 Kf7 37. Qd5+ Ne6 38. Bh6 Ke7 39. Qxb5 Kf7 40. Qd7+ Kf6 41. e5+ Kxe5 42. Re1+ 1-0

[Event "45th Olympiad 2024"]
[Site "Budapest HUN"]
[Date "2024.09.15"]
[Round "5.77"]
[Board "2"]
[White "Winston Gerald, Mansfield Thomas"]
[Black "Espirito Santo, Waldyr"]
[Result "1/2-1/2"]
[WhiteElo "1950"]
[BlackElo "1926"]
[PlyCount "122"]
[EventDate "2024.09.11"]
[WhiteTeam "Sierra Leone"]
[BlackTeam "Sao Tome and Principe"]
[WhiteTeamCountry "SIE"]
[BlackTeamCountry "SAO"]

1. e4 e6 2. d4 d5 3. exd5 exd5 4. Bd3 Bd6 5. Nf3 Nc6 6. c3 Nge7 7. Qc2 Bg4 8. Nbd2 Qd7 9. h3 Bf5 10. a3 $146 ({RR} 10. Nf1 O-O-O 11. Ne3 Bxd3 12. Qxd3 Rde8 13. O-O f5 14. a4 h6 15. b4 g5 16. a5 g4 17. hxg4 f4 18. Nc2 Qxg4 19. b5 Rhg8 20. Nce1 Nb8 21. Bd2 Nf5 22. Nh2 Qh5 23. Qf3 Qxf3 24. Nexf3 Rg7 {0-1 Toth,P-Ponyi,A Salgotarjan 1979}) ({RR} 10. Nf1 Bxd3 11. Qxd3 Qf5 12. Qxf5 Nxf5 13. Bd2 h5 14. h4 Kd7 15. O-O-O Rae8 16. Ne1 Nce7 17. g3 a5 18. a4 b6 19. Ng2 Ng6 20. Nfe3 Nxe3 21. Nxe3 c6 22. Nf5 Ne7 23. Ne3 Ng8 24. Nf5 Ne7 {½-½ Vidit,S (2720)-Grischuk,A (2708) CrunchLab Masters Div 2 W 2024 (5.4)}) ({RR} 10. Bxf5 Nxf5 11. Qb3 Qe6+ 12. Kd1 O-O-O 13. Re1 Qg6 14. Qxd5 Bg3 15. Qe4 Bxf2 16. Re2 Rhe8 17. Ne5 Nxe5 18. Rxf2 Ne3+ 19. Qxe3 Nd3 {0-1 Patzl,K (2205)-Jurkovic,A (2380) Arco op 14th 1989 (6)}) 10... Bxd3 11. Qxd3 Ng6 12. Nf1 Nce7 13. g3 f6 14. Ne3 c6 15. Bd2 O-O-O 16. O-O-O Kb8 17. Kb1 Qc7 18. b4 Nf8 19. c4 dxc4 20. Nxc4 Nd5 21. Rhe1 Ng6 22. h4 Rhe8 23. h5 Nf8 24. Nh4 Rxe1 25. Rxe1 Qf7 26. Nxd6 Rxd6 27. Qf5 g6 28. hxg6 hxg6 29. Qd3 Rd8 30. Bh6 g5 31. Nf5 Ne6 32. Kb2 Qd7 33. Qe4 Re8 34. Qf3 Rh8 35. Qe4 Nec7 36. Qf3 Re8 37. Re4 Nb6 38. Ne3 Ncd5 39. Nxd5 Nxd5 40. Rxe8+ Qxe8 41. Qf5 Qe2+ 42. Qc2 Qe8 43. Qc5 Qe2+ 44. Qc2 Qxc2+ 45. Kxc2 Kc8 46. Kd3 Kd7 47. Bf8 Ke6 48. a4 b5 49. axb5 cxb5 50. g4 a6 51. Ke4 Nc3+ 52. Kd3 Nd1 53. Ke2 Nb2 54. Ke3 Nc4+ 55. Ke4 Nb6 56. Bc5 Nd5 57. Bf8 Nf4 58. Bc5 Nd5 59. f3 Nc3+ 60. Kd3 Nd5 61. Ke4 Nc3+ 1/2-1/2

[Event "45th Olympiad 2024"]
[Site "Budapest HUN"]
[Date "2024.09.15"]
[Round "5.77"]
[Board "3"]
[White "Nascimento Admilton de Ceita dos Santos"]
[Black "Adeshole Beckley, Brian"]
[Result "1/2-1/2"]
[WhiteElo "1908"]
[BlackElo "1814"]
[PlyCount "97"]
[EventDate "2024.09.11"]
[WhiteTeam "Sao Tome and Principe"]
[BlackTeam "Sierra Leone"]
[WhiteTeamCountry "SAO"]
[BlackTeamCountry "SIE"]

1. d4 Nf6 2. c4 c6 3. Nf3 d5 4. g3 e6 5. cxd5 ({RR} 5. Bg5 h6 6. Bxf6 Qxf6 7. Qc2 Nd7 8. e4 dxe4 9. Qxe4 g6 10. Bd3 Bg7 11. O-O O-O 12. Re1 c5 13. d5 Nb6 14. d6 Qd8 15. Qf4 {½-½ Alonso Garcia,R (2395)-Buhmann,R (2567) Illes Medes op 2nd 2007 (2)}) ({RR} 5. Bg5 Be7 6. Qc2 Nbd7 7. Bg2 h6 8. Bxf6 Nxf6 9. Nbd2 O-O 10. O-O Re8 11. Rfd1 Bd7 12. Ne5 Nh7 13. e4 Rc8 14. Qb3 dxc4 15. Ndxc4 Rb8 16. Rac1 b5 17. Ne3 Nf8 18. Nxc6 Bxc6 19. Rxc6 Rb6 {1-0 De Menezes,R (1675)-Spieker,O (1432) 10th Floripa Open 2024 (6.144)}) 5... exd5 6. Bg2 Bb4+ 7. Nbd2 O-O $146 ({RR} 7... Ne4 8. O-O Nxd2 9. Bxd2 Bxd2 10. Qxd2 O-O 11. Ne5 Re8 12. Rac1 Nd7 13. Nxd7 Bxd7 14. e3 Qe7 15. Rc3 Be6 16. Rfc1 Qb4 17. Qc2 g6 18. Rb3 Qe7 19. Qc5 Qxc5 20. Rxc5 Re7 21. Ra3 Ree8 22. b4 {1-0 Martinez Hernandez,E (1822)-Meyer,K (1577) Barcelona La Lira op 35th 2017 (5)}) 8. O-O Re8 9. a3 Bd6 10. Nb1 Bf5 11. Nc3 Nbd7 12. Bg5 h6 13. Be3 Qe7 14. Re1 Ne4 15. Nh4 Nxc3 16. bxc3 Bh7 17. Qb3 Nb6 18. a4 Nc4 19. Bc1 b6 20. Bf3 Qf6 21. Bg4 Re7 22. Ng2 Rae8 23. Ne3 Nxe3 24. Bxe3 Be4 25. Rac1 g6 26. Bh3 h5 27. Qb2 g5 28. Qd2 Qg6 29. Bxg5 f6 30. Bf4 Bxf4 31. Qxf4 Qg5 32. Qd6 h4 33. e3 hxg3 34. hxg3 Qh5 35. Bg2 Rh7 36. f3 Bxf3 37. Rc2 Bxg2 38. Rxg2 Qf5 39. Qxc6 Ree7 40. c4 dxc4 41. Qxc4+ Kg7 42. g4 Qf3 43. g5 f5 44. d5 Re4 45. Qc3+ Kg8 46. Qc8+ Kg7 47. g6 Rg4 48. Qd7+ Kxg6 49. Qe8+ 1/2-1/2

[Event "45th Olympiad 2024"]
[Site "Budapest HUN"]
[Date "2024.09.15"]
[Round "5.77"]
[Board "4"]
[White "Moses Ina Ebenezer Conteh"]
[Black "Lima, Osvaldo Dos Santos"]
[Result "0-1"]
[WhiteElo "1631"]
[BlackElo "1903"]
[PlyCount "112"]
[EventDate "2024.09.11"]
[WhiteTeam "Sierra Leone"]
[BlackTeam "Sao Tome and Principe"]
[WhiteTeamCountry "SIE"]
[BlackTeamCountry "SAO"]

1. e4 g6 2. d4 Bg7 3. Nf3 d6 4. Bd3 Bg4 ({RR} 4... e6 5. O-O Ne7 6. c3 Nd7 7. Nbd2 b6 8. Re1 O-O 9. Nf1 Bb7 10. Ng3 h6 11. Bd2 c5 12. Qc1 Kh7 13. h4 Nc6 14. Ne2 Nf6 15. b4 cxd4 16. cxd4 e5 17. d5 Ne7 18. Ng3 Bc8 19. a4 {0-1 Anton,T (2350)-Piorun,K (2499) Wch U20 49th 2010 (3)}) 5. Nbd2 ({RR} 5. O-O Bxf3 6. Qxf3 Bxd4 7. c3 Bg7 8. Be3 Nc6 9. Nd2 Ne5 10. Qe2 Nxd3 11. Qxd3 a6 12. a4 Nf6 13. Bd4 O-O 14. Qf3 Qd7 15. Bxf6 Bxf6 16. Nc4 Bg7 17. Rad1 Qxa4 18. Qd3 Qb5 19. Ra1 b6 {0-1 Wang,H (1522)-Haack,S (1806) HSK Easter Open 2024 (5.33)}) 5... Nc6 6. c3 Nf6 $146 ({RR} 6... e6 7. O-O Nf6 8. h3 Bxf3 9. Nxf3 Qe7 10. Bg5 h6 11. Bh4 g5 12. Bg3 O-O-O 13. e5 dxe5 14. Nxe5 Nxe5 15. Bxe5 h5 16. Be2 g4 17. hxg4 hxg4 18. Bxg4 Nxg4 19. Bxg7 Qh4 20. Qxg4 Qh1# {0-1 Liebl,F (1398)-Souza,B (1594) Sao Bento do Sul op 4th 2015 (2)}) 7. h3 Bd7 8. b4 e6 9. O-O O-O 10. Re1 e5 11. b5 Na5 12. dxe5 dxe5 13. Nxe5 Be6 14. Ndf3 h6 15. Bb2 Nh5 16. Qc2 Qd6 17. c4 b6 18. Rad1 Qe7 19. Bc3 Nb7 20. Nc6 Qe8 21. a4 Nf4 22. Bf1 Nc5 23. Bxg7 Kxg7 24. Qd2 g5 25. h4 f6 26. e5 Qf7 27. exf6+ Qxf6 28. Qd4 Bg4 29. Qxf6+ Kxf6 30. hxg5+ hxg5 31. Re7 Bxf3 32. gxf3 Nfe6 33. Bh3 Nf4 34. Bg4 Rf7 35. Rxf7+ Kxf7 36. Re1 a6 37. Re7+ Kf6 38. Rxc7 axb5 39. axb5 Ra1+ 40. Kh2 Ncd3 41. Nd4 Rf1 42. Rc6+ Ke5 43. Nf5 Rxf2+ 44. Kh1 Rg2 45. Re6+ Nxe6 46. Kxg2 Nb2 47. Ne3 Nf4+ 48. Kf2 Kd4 49. Bd7 Nbd3+ 50. Kg3 Kxe3 51. Kg4 Ne5+ 52. Kxg5 Nxd7 53. Kg4 Ne5+ 54. Kf5 Nxc4 55. Kf6 Kxf3 56. Ke7 Ke4 0-1

[Event "45th Olympiad 2024"]
[Site "Budapest HUN"]
[Date "2024.09.15"]
[Round "5.78"]
[Board "1"]
[White "Ayyad, Husain"]
[Black "Misambo .J. KIlasa"]
[Result "1-0"]
[WhiteElo "2129"]
[BlackElo "1959"]
[PlyCount "101"]
[EventDate "2024.09.11"]
[WhiteTeam "Bahrain"]
[BlackTeam "Tanzania"]
[WhiteTeamCountry "BHN"]
[BlackTeamCountry "TAN"]

1. e4 d6 2. d4 Nf6 3. Nc3 g6 4. Bg5 Bg7 5. f3 c6 6. Qd2 h6 7. Be3 Nbd7 8. O-O-O ({RR} 8. a4 a6 9. Nh3 Rb8 10. a5 b5 11. axb6 Qxb6 12. b3 c5 13. dxc5 Nxc5 14. Nf2 Qb4 15. Nfd1 O-O 16. Bc4 Nfxe4 17. fxe4 Nxe4 18. Nxe4 Bxa1 19. Qxb4 Rxb4 20. O-O Bf5 21. Rxf5 gxf5 22. Ng3 e6 {0-1 Hoffmann,A (2185)-Beerdsen,T (2501) Titled Tue 27th Feb Early 2024 (1)}) 8... Qa5 9. Kb1 b5 10. Nh3 Ba6 $146 ({RR} 10... b4 11. Ne2 Rb8 12. Nc1 Qb6 13. Nf2 a5 14. f4 e6 15. g4 d5 16. e5 Ng8 17. f5 exf5 18. gxf5 gxf5 19. Rg1 Bf8 20. Bh3 Ne7 21. Nfd3 Qa7 22. Rgf1 Nb6 23. b3 a4 24. Ka1 Be6 25. Nxb4 {1-0 Milin,D (2054)-Stekic,Z (2154) Belgrade-chT 2011 (10.4)}) 11. e5 dxe5 12. dxe5 Nxe5 13. Nxb5 Qxd2 14. Nc7+ Kd8 15. Ne6+ fxe6 16. Rxd2+ Ke8 17. Bxa6 Kf7 18. c4 Rab8 19. Re1 Ned7 20. Red1 Rhd8 21. b3 g5 22. Kc2 Ke8 23. a4 Nb6 24. Rxd8+ Rxd8 25. Rxd8+ Kxd8 26. a5 Kc7 27. axb6+ axb6 28. b4 Nd7 29. b5 c5 30. Nf2 Be5 31. h3 Bg7 32. Nd3 Nf8 33. Bf2 Nd7 34. Kd2 e5 35. Bg3 e6 36. Nf2 Kb8 37. Ne4 Kc7 38. h4 gxh4 39. Bxh4 Nb8 40. Be7 Nxa6 41. bxa6 Kb8 42. Bf6 Bf8 43. Bxe5+ Ka7 44. g4 Kxa6 45. Kc3 b5 46. Bd6 Bg7+ 47. Kb3 bxc4+ 48. Kxc4 Kb6 49. Ng3 Kc6 50. Bxc5 Kd7 51. Nh5 1-0

[Event "45th Olympiad 2024"]
[Site "Budapest HUN"]
[Date "2024.09.15"]
[Round "5.78"]
[Board "2"]
[White "Veer Gandhi"]
[Black "Ayyad, Maher"]
[Result "1/2-1/2"]
[WhiteElo "1792"]
[BlackElo "1980"]
[PlyCount "139"]
[EventDate "2024.09.11"]
[WhiteTeam "Tanzania"]
[BlackTeam "Bahrain"]
[WhiteTeamCountry "TAN"]
[BlackTeamCountry "BHN"]

1. f4 Nf6 2. Nf3 g6 3. b3 Bg7 4. Bb2 d6 5. e3 c5 6. Be2 O-O 7. O-O Nc6 8. Kh1 ({RR} 8. d4 Nd5 9. Qd2 Qa5 10. c3 cxd4 11. exd4 Bh6 12. g3 e5 13. b4 Qb6 14. b5 exd4 15. Kh1 Ne5 16. c4 d3 17. Bxd3 Nxf3 18. Rxf3 Bg4 19. Rf2 Ne7 20. Nc3 Bg7 21. Ne4 Bf5 22. Bxg7 Bxe4+ {1-0 Reinderman,D (2455)-Yakovich,Y (2560) Leeuwarden op 1995 (3)}) 8... a6 ({RR} 8... h5 9. a3 b6 10. Ng5 Bb7 11. Bf3 Na5 12. Bxb7 Nxb7 13. Qf3 Qd7 14. Nc3 Nh7 15. Nxh7 Kh8 16. Ng5 {1-0 Ricaurte Lopez,J (2226)-De Souza,C (2018) Titled Tue 18th Jul Late 2023 (9)}) 9. c4 e5 $146 ({RR} 9... Rb8 10. Nc3 Re8 11. Qe1 e6 12. Qh4 Ne4 13. Qe1 Nf6 14. Rc1 {½-½ Pereira Vera,H (1790)-Tirado Veliz,H (2030) Pereira Gildardo Garcia Memorial-A 2022 (9)}) 10. fxe5 Ng4 11. h3 Ngxe5 12. d4 Nxf3 13. Rxf3 cxd4 14. exd4 Qh4 15. Qd2 Bh6 16. Qd1 Bg4 17. Rf1 Bxh3 18. Qe1 Qxe1 19. Rxe1 Bf5 20. Bf3 Nb4 21. Na3 Nd3 22. Re2 Nxb2 23. Rxb2 Rab8 24. Re2 b5 25. Rae1 Bg5 26. Rd1 Bf6 27. Kg1 g5 28. cxb5 axb5 29. Rf2 Kg7 30. Bc6 Bg4 31. Rd3 b4 32. Nc2 Rb6 33. Bd5 Be6 34. Ne3 Rc8 35. Rd1 Rc3 36. Bxe6 fxe6 37. Ng4 Bd8 38. Re1 h5 39. Nh2 g4 40. Rfe2 Bf6 41. Rxe6 Bxd4+ 42. Kh1 Be5 43. R1xe5 dxe5 44. Rxb6 Rc1+ 45. Nf1 Rxf1+ 46. Kh2 Rf2 47. Kg3 Rxa2 48. Kh4 Rxg2 49. Kxh5 g3 50. Kg4 Rb2 51. Kxg3 Rxb3+ 52. Kf2 Kf7 53. Ke2 Rb1 54. Kd3 b3 55. Kc3 e4 56. Rxb3 Rxb3+ 57. Kxb3 Ke6 58. Kc3 Ke5 59. Kd2 Kd4 60. Ke2 e3 61. Ke1 Ke4 62. Ke2 Kf4 63. Ke1 Kf3 64. Kf1 Kf4 65. Ke2 Ke4 66. Ke1 Kd3 67. Kd1 Kc3 68. Ke2 Kd4 69. Ke1 e2 70. Kxe2 1/2-1/2